[Event "DEN-ch"]
[Site "Denmark"]
[Date "1988.??.??"]
[Round "10"]
[White "Hoi, Carsten"]
[Black "Danielsen, Henrik"]
[Result "1/2-1/2"]
[WhiteElo "2405"]
[BlackElo "2400"]
[PlyCount "41"]
[EventDate "1988.??.??"]
[EventType "tourn"]
[EventRounds "11"]
[EventCountry "DEN"]
[EventCategory "5"]
[Source "ChessBase"]
[SourceDate "1996.11.15"]

1. d4 Nf6 2. c4 e6 3. Nc3 Bb4 4. e3 c5 5. Nge2 cxd4 6. exd4 O-O 7. a3 Be7 8.
Nf4 d5 9. cxd5 exd5 10. Bd3 Nc6 11. Be3 Qd6 12. O-O Rd8 13. Qf3 Bf8 14. Rfe1
Bg4 15. Qg3 Ne7 16. f3 Bf5 17. Rad1 Rac8 18. Qf2 g5 19. Nfe2 h6 20. h4 Nh7 21.
hxg5 1/2-1/2

[Event "DEN-ch"]
[Site "Denmark"]
[Date "1988.??.??"]
[Round "6"]
[White "Hoi, Carsten"]
[Black "Brinck Claussen, Bjorn"]
[Result "1-0"]
[WhiteElo "2405"]
[BlackElo "2370"]
[PlyCount "53"]
[EventDate "1988.??.??"]
[EventType "tourn"]
[EventRounds "11"]
[EventCountry "DEN"]
[EventCategory "5"]
[Source "ChessBase"]
[SourceDate "1996.11.15"]

1. d4 Nf6 2. c4 g6 3. Nc3 d5 4. Bg5 Ne4 5. Bh4 Nxc3 6. bxc3 c5 7. e3 Bg7 8.
cxd5 cxd4 9. cxd4 Qxd5 10. Nf3 Nc6 11. Be2 O-O 12. O-O e5 13. dxe5 Qxd1 14.
Rfxd1 Nxe5 15. Nd4 a6 16. Rac1 Bd7 17. Rc7 Ba4 18. Rb1 Nc6 19. Rbxb7 Nxd4 20.
exd4 Rfe8 21. Kf1 Bb5 22. Bxb5 axb5 23. d5 Rxa2 24. g4 Be5 25. Rxf7 b4 26. d6
b3 27. d7 1-0

[Event "DEN-ch"]
[Site "Denmark"]
[Date "1988.??.??"]
[Round "8"]
[White "Hoi, Carsten"]
[Black "Sorensen, Torben N"]
[Result "1-0"]
[WhiteElo "2405"]
[BlackElo "2360"]
[PlyCount "97"]
[EventDate "1988.??.??"]
[EventType "tourn"]
[EventRounds "11"]
[EventCountry "DEN"]
[EventCategory "5"]
[Source "ChessBase"]
[SourceDate "1996.11.15"]

1. d4 d5 2. c4 e6 3. Nf3 c5 4. cxd5 exd5 5. g3 Nc6 6. Bg2 Nf6 7. O-O Be7 8.
dxc5 Bxc5 9. Bg5 Be6 10. Nc3 O-O 11. Bxf6 Qxf6 12. Nxd5 Qxb2 13. Nc7 Rad8 14.
Qc1 Qxc1 15. Raxc1 Be7 16. Nxe6 fxe6 17. Rfd1 Rxd1+ 18. Rxd1 Rd8 19. Rb1 Rd7
20. Ne1 Na5 21. Nd3 Bd6 22. Rd1 Rc7 23. Ne1 Ba3 24. Bh3 Kf7 25. Nf3 Kf6 26. Nd4
Rd7 27. Rd3 Bb2 28. Rf3+ Ke7 29. Nxe6 Rd2 30. Nf4 Nc4 31. Rd3 Rxd3 32. Nxd3 Bc3
33. e3 b5 34. Kf1 b4 35. Ke2 Kd6 36. Kd1 Nb2+ 37. Nxb2 Bxb2 38. Bf5 h6 39. Bc2
Bc3 40. Ke2 g5 41. f4 gxf4 42. gxf4 Kc5 43. Kd3 Kb5 44. e4 Bb2 45. e5 a5 46.
Ke4 a4 47. f5 b3 48. axb3 axb3 49. Bxb3 1-0

[Event "DEN-ch"]
[Site "Denmark"]
[Date "1988.??.??"]
[Round "2"]
[White "Jelling, Erik"]
[Black "Berg, Klaus"]
[Result "1/2-1/2"]
[WhiteElo "2350"]
[BlackElo "2370"]
[PlyCount "81"]
[EventDate "1988.??.??"]
[EventType "tourn"]
[EventRounds "11"]
[EventCountry "DEN"]
[EventCategory "5"]
[Source "ChessBase"]
[SourceDate "1996.11.15"]

1. d4 Nf6 2. c4 c5 3. d5 b5 4. cxb5 a6 5. bxa6 g6 6. Nc3 Bxa6 7. e4 Bxf1 8.
Kxf1 d6 9. Nf3 Nbd7 10. h3 Bg7 11. Kg1 O-O 12. Kh2 Qa5 13. Re1 Rfb8 14. Re2 Ne8
15. Rc2 Qa6 16. Bd2 Nc7 17. Rac1 Nb5 18. Nxb5 Qxb5 19. b3 Ra3 20. Bg5 f6 21.
Be3 Rba8 22. Qd2 Qa5 23. b4 Qxb4 24. Qxb4 cxb4 25. Rc7 Nc5 26. Bxc5 dxc5 27.
R1xc5 Rxa2 28. Rb5 Rxf2 29. Kg3 Rd2 30. Rxe7 Bf8 31. Re6 Raa2 32. Rxf6 Rxg2+
33. Kf4 Ra8 34. e5 Bg7 35. Re6 Rf8+ 36. Ke4 g5 37. d6 Rf4+ 38. Ke3 Rg3 39. d7
Rgxf3+ 40. Ke2 Rf2+ 41. Ke1 1/2-1/2

[Event "DEN-ch"]
[Site "Denmark"]
[Date "1988.??.??"]
[Round "7"]
[White "Jelling, Erik"]
[Black "Danielsen, Henrik"]
[Result "1-0"]
[WhiteElo "2350"]
[BlackElo "2400"]
[PlyCount "47"]
[EventDate "1988.??.??"]
[EventType "tourn"]
[EventRounds "11"]
[EventCountry "DEN"]
[EventCategory "5"]
[Source "ChessBase"]
[SourceDate "1996.11.15"]

1. d4 f5 2. Nf3 Nf6 3. g3 g6 4. Bg2 Bg7 5. O-O O-O 6. b3 d5 7. Bb2 c6 8. Ne5
Be6 9. Nd2 Nbd7 10. Nd3 g5 11. f3 Bf7 12. e4 e6 13. Qe1 Kh8 14. c4 Bg6 15. Ne5
Qe8 16. cxd5 exd5 17. Nxd7 Qxd7 18. e5 Ne8 19. f4 gxf4 20. gxf4 Nc7 21. Qh4 Ne6
22. Nf3 Rg8 23. Ng5 Qd8 24. Qxh7+ 1-0

[Event "DEN-ch"]
[Site "Denmark"]
[Date "1988.??.??"]
[Round "5"]
[White "Jelling, Erik"]
[Black "Brinck Claussen, Bjorn"]
[Result "1/2-1/2"]
[WhiteElo "2350"]
[BlackElo "2370"]
[PlyCount "52"]
[EventDate "1988.??.??"]
[EventType "tourn"]
[EventRounds "11"]
[EventCountry "DEN"]
[EventCategory "5"]
[Source "ChessBase"]
[SourceDate "1996.11.15"]

1. d4 Nf6 2. c4 g6 3. Nf3 Bg7 4. Nc3 d5 5. Bg5 Ne4 6. cxd5 Nxg5 7. Nxg5 e6 8.
Nf3 exd5 9. e3 Qd6 10. Be2 O-O 11. O-O c6 12. a3 a5 13. Qb3 Nd7 14. Rac1 f5 15.
Na4 Re8 16. g3 Bf6 17. Rfe1 b5 18. Nc5 Nb6 19. a4 Nxa4 20. Nxa4 bxa4 21. Qxa4
Bd7 22. Rc5 Reb8 23. Bf1 Rxb2 24. Rxa5 Rxa5 25. Qxa5 g5 26. Qc3 Qb4 1/2-1/2

[Event "DEN-ch"]
[Site "Denmark"]
[Date "1988.??.??"]
[Round "3"]
[White "Kristiansen, Jens"]
[Black "Jelling, Erik"]
[Result "1/2-1/2"]
[WhiteElo "2435"]
[BlackElo "2350"]
[PlyCount "93"]
[EventDate "1988.??.??"]
[EventType "tourn"]
[EventRounds "11"]
[EventCountry "DEN"]
[EventCategory "5"]
[Source "ChessBase"]
[SourceDate "1996.11.15"]

1. c4 c6 2. Nf3 d5 3. b3 Nf6 4. Bb2 Bf5 5. g3 e6 6. Bg2 h6 7. O-O Nbd7 8. d3
Bc5 9. Nc3 a5 10. cxd5 cxd5 11. e4 Bg4 12. exd5 exd5 13. Re1+ Kf8 14. d4 Bb4
15. Qd3 Bxf3 16. Bxf3 g6 17. Re2 Bxc3 18. Bxc3 Qb6 19. Rae1 Kg7 20. Re7 Qc6 21.
a4 b6 22. Bd2 Rac8 23. Bf4 Qc3 24. Qxc3 Rxc3 25. Be2 Re8 26. Rxe8 Nxe8 27. Bb5
Nef6 28. Re7 g5 29. Bd6 Nf8 30. Rb7 Rxb3 31. Rxb6 Ne6 32. Be5 Kg6 33. Rd6 Ne4
34. Rxd5 g4 35. Be2 Rb1+ 36. Kg2 Rb2 37. Bd3 Rxf2+ 38. Kg1 N6g5 39. Bxe4+ Nxe4
40. Rxa5 Ra2 41. d5 f6 42. Ra6 Kf5 43. Bf4 Nc3 44. Bxh6 Nxd5 45. a5 Ke4 46.
Re6+ Kf5 47. Ra6 1/2-1/2

[Event "DEN-ch"]
[Site "Denmark"]
[Date "1988.??.??"]
[Round "10"]
[White "Sahl, Bjarke"]
[Black "Berg, Klaus"]
[Result "0-1"]
[WhiteElo "2300"]
[BlackElo "2370"]
[PlyCount "121"]
[EventDate "1988.??.??"]
[EventType "tourn"]
[EventRounds "11"]
[EventCountry "DEN"]
[EventCategory "5"]
[Source "ChessBase"]
[SourceDate "1996.11.15"]

1. d4 Nf6 2. Nf3 g6 3. c4 Bg7 4. Nc3 O-O 5. e3 c5 6. Be2 cxd4 7. Nxd4 d5 8.
cxd5 Nxd5 9. Nxd5 Qxd5 10. Bf3 Qa5+ 11. Bd2 Qb6 12. O-O Nd7 13. Bc3 Ne5 14. Be2
Bd7 15. a4 a5 16. Nb5 Be6 17. Rc1 Nc6 18. Bxg7 Kxg7 19. Bc4 Bxc4 20. Rxc4 Rad8
21. Qc2 Rd7 22. Qc3+ Kg8 23. h4 Rfd8 24. Rc5 Rd5 25. Rxd5 Rxd5 26. e4 Rd7 27.
h5 Qd8 28. h6 e5 29. Qg3 Rd3 30. Qg4 Qd7 31. Qg5 Qd8 32. Qxd8+ Rxd8 33. Rc1 f6
34. Rc5 Kf7 35. Nc3 Rd4 36. Rb5 Rb4 37. Nd5 Rxb5 38. axb5 Nd4 39. b6 Nb3 40. f3
Nc5 41. Ne3 a4 42. Kf1 Nd3 43. Nc4 Nxb2 44. Nd6+ Ke7 45. Nxb7 Nc4 46. Ke2 Nxb6
47. Kd3 f5 48. Kc3 Kf6 49. Kb4 fxe4 50. fxe4 Kg5 51. Nd6 Nd7 52. Nf7+ Kf4 53.
Kxa4 Nf6 54. Kb5 Nxe4 55. Kc6 Ng3 56. Kd5 e4 57. Ne5 Kf5 58. Nc4 g5 59. Kd4 Kf4
60. Ne5 Nf5+ 61. Kd5 0-1

[Event "DEN-ch"]
[Site "Denmark"]
[Date "1988.??.??"]
[Round "1"]
[White "Sahl, Bjarke"]
[Black "Jelling, Erik"]
[Result "1/2-1/2"]
[WhiteElo "2300"]
[BlackElo "2350"]
[PlyCount "69"]
[EventDate "1988.??.??"]
[EventType "tourn"]
[EventRounds "11"]
[EventCountry "DEN"]
[EventCategory "5"]
[Source "ChessBase"]
[SourceDate "1996.11.15"]

1. e4 c6 2. d4 d5 3. exd5 cxd5 4. c4 Nf6 5. Nc3 e6 6. Nf3 Be7 7. cxd5 Nxd5 8.
Bd3 Nc6 9. O-O O-O 10. Re1 Bf6 11. Be4 Nce7 12. Qc2 g6 13. Bh6 Bg7 14. Bxg7
Kxg7 15. Rac1 b6 16. Bxd5 Nxd5 17. Nxd5 Qxd5 18. Re5 Qd6 19. Qe4 Bd7 20. Qe3
Rac8 21. Re1 Bc6 22. Rh5 Bxf3 23. Qh6+ Kf6 24. gxf3 Ke7 25. Qg5+ Kd7 26. Rxh7
Qxd4 27. Qb5+ Ke7 28. Qb3 Qd6 29. Rd1 Qc5 30. Qa4 Qg5+ 31. Kf1 Rc1 32. Qd7+ Kf6
33. Qd4+ Ke7 34. Qd6+ Kf6 35. Qd4+ 1/2-1/2

[Event "DEN-ch"]
[Site "Denmark"]
[Date "1988.??.??"]
[Round "7"]
[White "Sahl, Bjarke"]
[Black "Hansen, Lars Bo"]
[Result "1/2-1/2"]
[WhiteElo "2300"]
[BlackElo "2365"]
[PlyCount "92"]
[EventDate "1988.??.??"]
[EventType "tourn"]
[EventRounds "11"]
[EventCountry "DEN"]
[EventCategory "5"]
[Source "ChessBase"]
[SourceDate "1996.11.15"]

1. e4 c6 2. d4 d5 3. exd5 cxd5 4. c4 Nf6 5. Nc3 g6 6. Qb3 Bg7 7. cxd5 O-O 8.
Be2 b6 9. Bg5 Bb7 10. Bxf6 Bxf6 11. Rd1 Na6 12. Bf3 Qd7 13. Nge2 Rab8 14. O-O
Nc7 15. Nf4 Rfd8 16. Rfe1 Ba8 17. g3 a5 18. a3 Bg7 19. Qa2 b5 20. b4 axb4 21.
axb4 Qd6 22. Qa5 Bh6 23. Ne4 Qb6 24. Qxb6 Rxb6 25. d6 exd6 26. Nf6+ Kg7 27.
N4d5 Nxd5 28. Nxd5 Ra6 29. Ra1 Rxa1 30. Rxa1 Bd2 31. Ra7 Bxd5 32. Bxd5 Rf8 33.
Kf1 Bxb4 34. Ke2 g5 35. g4 Bc3 36. Kd3 Be1 37. f3 Kf6 38. Rb7 Bb4 39. Rxb5 Ba3
40. Rb7 Bc1 41. h3 Bf4 42. Rd7 h6 43. Kc4 Bg3 44. Kb5 Bf4 45. Kc6 Rc8+ 46. Kb7
Rf8 1/2-1/2

[Event "DEN-ch"]
[Site "Denmark"]
[Date "1988.??.??"]
[Round "3"]
[White "Sahl, Bjarke"]
[Black "Sorensen, Torben N"]
[Result "1-0"]
[WhiteElo "2300"]
[BlackElo "2360"]
[PlyCount "85"]
[EventDate "1988.??.??"]
[EventType "tourn"]
[EventRounds "11"]
[EventCountry "DEN"]
[EventCategory "5"]
[Source "ChessBase"]
[SourceDate "1996.11.15"]

1. e4 e5 2. Nf3 Nc6 3. d4 exd4 4. Bc4 Bc5 5. c3 dxc3 6. Bxf7+ Kxf7 7. Qd5+ Kf8
8. Qxc5+ Qe7 9. Qxe7+ Ngxe7 10. Nxc3 a6 11. e5 b5 12. Bf4 Nd8 13. Rd1 Ne6 14.
Bc1 Ke8 15. O-O Bb7 16. Nd4 Nxd4 17. Rxd4 Rf8 18. f4 h5 19. Rd3 Nf5 20. Rfd1
Bc6 21. Nd5 Bxd5 22. Rxd5 Rf7 23. g3 g6 24. Kg2 d6 25. h3 c6 26. Rxd6 Nxd6 27.
Rxd6 Rg7 28. Rxc6 Kd7 29. Rd6+ Kc7 30. Kf3 Kb7 31. Be3 a5 32. Rb6+ Kc7 33. Rxb5
Ra6 34. a4 Rd7 35. g4 hxg4+ 36. hxg4 Rd1 37. f5 gxf5 38. gxf5 Rf1+ 39. Ke4 Rc6
40. Rxa5 Rc4+ 41. Kd5 Rc2 42. f6 Re2 43. Bc5 1-0

[Event "DEN-ch"]
[Site "Denmark"]
[Date "1988.??.??"]
[Round "5"]
[White "Sahl, Bjarke"]
[Black "Bjerring, Kai"]
[Result "1/2-1/2"]
[WhiteElo "2300"]
[BlackElo "2305"]
[PlyCount "42"]
[EventDate "1988.??.??"]
[EventType "tourn"]
[EventRounds "11"]
[EventCountry "DEN"]
[EventCategory "5"]
[Source "ChessBase"]
[SourceDate "1996.11.15"]

1. d4 Nf6 2. Nf3 e6 3. Nc3 d5 4. Bg5 Be7 5. Bxf6 Bxf6 6. e4 dxe4 7. Nxe4 O-O 8.
c3 Nd7 9. Qc2 e5 10. Bd3 exd4 11. cxd4 Re8 12. O-O h6 13. Rfe1 Rf8 14. Rad1 c6
15. Ne5 Bxe5 16. dxe5 Nxe5 17. Nd6 Nxd3 18. Rxd3 Qf6 19. Ne8 Qg6 20. Qc3 Bg4
21. Rde3 Bf3 1/2-1/2

[Event "DEN-ch"]
[Site "Denmark"]
[Date "1988.??.??"]
[Round "1"]
[White "Schandorff, Lars"]
[Black "Brinck Claussen, Bjorn"]
[Result "1/2-1/2"]
[WhiteElo "2400"]
[BlackElo "2370"]
[PlyCount "57"]
[EventDate "1988.??.??"]
[EventType "tourn"]
[EventRounds "11"]
[EventCountry "DEN"]
[EventCategory "5"]
[Source "ChessBase"]
[SourceDate "1996.11.15"]

1. d4 Nf6 2. c4 g6 3. Nc3 d5 4. Nf3 Bg7 5. Bg5 Ne4 6. Bh4 Nxc3 7. bxc3 dxc4 8.
e3 b5 9. a4 c6 10. Be2 a6 11. Nd2 Bb7 12. Bf3 Nd7 13. Qb1 Qc7 14. O-O e5 15.
axb5 axb5 16. Rxa8+ Bxa8 17. Qb4 Bf8 18. Qb2 Bd6 19. Ne4 O-O 20. Rd1 exd4 21.
Nxd6 Qxd6 22. exd4 Re8 23. Bg3 Qe7 24. h3 Nb6 25. Qd2 Nd5 26. Ra1 Bb7 27. h4 h5
28. Be5 f6 29. Bg3 1/2-1/2

[Event "DEN-ch"]
[Site "Denmark"]
[Date "1988.??.??"]
[Round "5"]
[White "Schandorff, Lars"]
[Black "Fries Nielsen, Jens Ove"]
[Result "1/2-1/2"]
[WhiteElo "2400"]
[BlackElo "2370"]
[PlyCount "122"]
[EventDate "1988.??.??"]
[EventType "tourn"]
[EventRounds "11"]
[EventCountry "DEN"]
[EventCategory "5"]
[Source "ChessBase"]
[SourceDate "1996.11.15"]

1. d4 Nf6 2. c4 e6 3. Nf3 d5 4. Nc3 dxc4 5. e3 a6 6. a4 b6 7. Bxc4 Bb7 8. O-O
Bb4 9. Qe2 O-O 10. Bd3 Nc6 11. Rd1 Na5 12. Bc2 Bxc3 13. bxc3 Qd5 14. Ba3 Rfe8
15. Bb4 Ne4 16. Bxe4 Qxe4 17. Bxa5 bxa5 18. Ne1 Rab8 19. f3 Qc6 20. Qd2 e5 21.
e4 Rbd8 22. d5 Qc5+ 23. Qf2 Qc4 24. Nd3 c6 25. Qc5 cxd5 26. Qxc4 dxc4 27. Nxe5
Rxd1+ 28. Rxd1 f5 29. Nxc4 fxe4 30. Nxa5 Ba8 31. fxe4 Bxe4 32. Rd4 Bc2 33. Nc6
Re3 34. a5 Rxc3 35. Nb4 Ba4 36. Nxa6 Bb5 37. Nb4 Ra3 38. Rd8+ Kf7 39. Ra8 Ra4
40. Nd5 Bc4 41. Ra7+ Kg6 42. Ne3 Bb5 43. Kf2 h5 44. h4 Rf4+ 45. Kg3 Re4 46. Nd5
Rg4+ 47. Kf2 Rd4 48. Nc7 Bc4 49. Rb7 Kf5 50. a6 Rd2+ 51. Kg3 Bf1 52. a7 Rxg2+
53. Kf3 Ra2 54. a8=Q Bg2+ 55. Kg3 Rxa8 56. Rb5+ Kg6 57. Nxa8 Bxa8 58. Kf4 Kh6
59. Rb6+ Kh7 60. Ke5 Bf3 61. Ke6 g5 1/2-1/2

[Event "DEN-ch"]
[Site "Denmark"]
[Date "1988.??.??"]
[Round "7"]
[White "Schandorff, Lars"]
[Black "Hoi, Carsten"]
[Result "1/2-1/2"]
[WhiteElo "2400"]
[BlackElo "2405"]
[PlyCount "20"]
[EventDate "1988.??.??"]
[EventType "tourn"]
[EventRounds "11"]
[EventCountry "DEN"]
[EventCategory "5"]
[Source "ChessBase"]
[SourceDate "1996.11.15"]

1. d4 d6 2. c4 g6 3. Nc3 Bg7 4. e4 Nf6 5. Be2 O-O 6. Bg5 c6 7. Qd2 a6 8. Nf3 b5
9. a3 bxc4 10. Bxc4 Bg4 1/2-1/2

[Event "DEN-ch"]
[Site "Denmark"]
[Date "1988.??.??"]
[Round "8"]
[White "Schandorff, Lars"]
[Black "Sahl, Bjarke"]
[Result "1-0"]
[WhiteElo "2400"]
[BlackElo "2300"]
[PlyCount "113"]
[EventDate "1988.??.??"]
[EventType "tourn"]
[EventRounds "11"]
[EventCountry "DEN"]
[EventCategory "5"]
[Source "ChessBase"]
[SourceDate "1996.11.15"]

1. d4 d5 2. c4 c6 3. Nc3 Nf6 4. e3 g6 5. Nf3 Bg7 6. cxd5 Nxd5 7. e4 Nb6 8. h3
O-O 9. Be2 Be6 10. O-O f6 11. Bf4 Bf7 12. Qc2 N8d7 13. Rad1 Re8 14. Rfe1 Nf8
15. Bf1 h6 16. d5 Qc8 17. dxc6 bxc6 18. e5 f5 19. h4 Nd5 20. Bc1 Nxc3 21. Qxc3
Bd5 22. Bc4 e6 23. b3 Nd7 24. Ba3 Qb7 25. Bd6 Rad8 26. Qe3 Nb6 27. Qf4 Qf7 28.
Rc1 Rd7 29. Bxd5 cxd5 30. Rc6 g5 31. hxg5 Qg6 32. gxh6 Bxh6 33. Qg3 Qxg3 34.
fxg3 Rg7 35. Kf2 f4 36. gxf4 Bxf4 37. Rd1 Bg3+ 38. Ke3 d4+ 39. Rxd4 Nd5+ 40.
Rxd5 exd5 41. Kd4 Bxe5+ 42. Bxe5 Rxg2 43. a4 Rf8 44. Rc3 Rd8 45. Bf6 Rf8 46.
Ke5 Rg6 47. Rc6 Rg3 48. Nd4 Rg6 49. Nf5 Rg1 50. Ne7+ Kf7 51. Nxd5 Re8+ 52. Kf5
Rf1+ 53. Nf4 Re3 54. b4 Rb3 55. Rc7+ Ke8 56. Re7+ Kf8 57. Rxa7 1-0

[Event "DEN-ch"]
[Site "Denmark"]
[Date "1988.??.??"]
[Round "9"]
[White "Sorensen, Torben N"]
[Black "Danielsen, Henrik"]
[Result "0-1"]
[WhiteElo "2360"]
[BlackElo "2400"]
[PlyCount "72"]
[EventDate "1988.??.??"]
[EventType "tourn"]
[EventRounds "11"]
[EventCountry "DEN"]
[EventCategory "5"]
[Source "ChessBase"]
[SourceDate "1996.11.15"]

1. Nf3 Nf6 2. c4 e6 3. g3 b6 4. Bg2 Bb7 5. O-O Be7 6. Nc3 O-O 7. Re1 d5 8. cxd5
exd5 9. d4 Na6 10. Bf4 c5 11. dxc5 bxc5 12. Ne5 Nc7 13. Qa4 Ne6 14. Rad1 a5 15.
Bc1 Ra6 16. Ng4 Bc6 17. Nxf6+ Bxf6 18. Qa3 Bd4 19. e3 Bxc3 20. Qxc3 d4 21. Qc4
Qa8 22. Bxc6 Rxc6 23. exd4 cxd4 24. Qd3 Rfc8 25. Bd2 Rc2 26. Bc3 Ng5 27. Qxc2
Nf3+ 28. Kf1 Nxh2+ 29. Ke2 dxc3 30. Rd3 cxb2 31. Rc3 Rxc3 32. Qxc3 Qe4+ 33. Kd2
Qxe1+ 34. Kxe1 b1=Q+ 35. Kd2 Qxa2+ 36. Ke3 Qe6+ 0-1

[Event "DEN-ch"]
[Site "Denmark"]
[Date "1988.??.??"]
[Round "11"]
[White "Sorensen, Torben N"]
[Black "Fries Nielsen, Jens Ove"]
[Result "0-1"]
[WhiteElo "2360"]
[BlackElo "2370"]
[PlyCount "74"]
[EventDate "1988.??.??"]
[EventType "tourn"]
[EventRounds "11"]
[EventCountry "DEN"]
[EventCategory "5"]
[Source "ChessBase"]
[SourceDate "1996.11.15"]

1. Nf3 Nf6 2. c4 d6 3. g3 Bg4 4. Bg2 c6 5. O-O e6 6. b3 Be7 7. Bb2 O-O 8. d3 a5
9. a3 Na6 10. Nbd2 Nd7 11. h3 Bh5 12. e4 e5 13. Qc2 Bg6 14. Nh2 Qb6 15. Kh1 f5
16. f4 exf4 17. gxf4 Bf6 18. Rae1 Bxb2 19. Qxb2 Nac5 20. Qc3 Nf6 21. e5 Nh5 22.
d4 Ne6 23. exd6 Qxd4 24. Qxd4 Nxd4 25. Rf2 Rae8 26. Rxe8 Rxe8 27. Nhf3 Ne6 28.
d7 Rd8 29. Ne5 Nf6 30. b4 axb4 31. axb4 Nxd7 32. c5 Nxe5 33. fxe5 Rd4 34. b5
Nxc5 35. bxc6 bxc6 36. Bxc6 Nd3 37. Re2 Nxe5 0-1

[Event "DEN-ch"]
[Site "Denmark"]
[Date "1988.??.??"]
[Round "4"]
[White "Sorensen, Torben N"]
[Black "Berg, Klaus"]
[Result "1-0"]
[WhiteElo "2360"]
[BlackElo "2370"]
[PlyCount "89"]
[EventDate "1988.??.??"]
[EventType "tourn"]
[EventRounds "11"]
[EventCountry "DEN"]
[EventCategory "5"]
[Source "ChessBase"]
[SourceDate "1996.11.15"]

1. d4 Nf6 2. c4 g6 3. Nc3 Bg7 4. Nf3 O-O 5. e4 d6 6. Be2 Bg4 7. O-O Nfd7 8. Be3
e5 9. d5 a5 10. Nd2 Bxe2 11. Qxe2 Na6 12. a3 Qh4 13. Rab1 Bh6 14. b4 Bxe3 15.
Qxe3 axb4 16. axb4 f5 17. Nf3 Qe7 18. exf5 gxf5 19. Qg5+ Qxg5 20. Nxg5 Nb6 21.
Ne6 Rf6 22. c5 Nc4 23. Rfc1 c6 24. cxd6 Nxd6 25. b5 cxb5 26. Nxb5 Nxb5 27. Rxb5
Rf7 28. f3 Re8 29. Re1 Nc7 30. Nxc7 Rxc7 31. d6 Rd7 32. Rexe5 Rxe5 33. Rxe5
Rxd6 34. Rxf5 Rb6 35. h4 Rb1+ 36. Kh2 b5 37. g4 Kg7 38. Kg3 Rb2 39. Rc5 Rb4 40.
Rc7+ Kg8 41. Rb7 h5 42. g5 Rb1 43. Kf4 Rb4+ 44. Kf5 Rxh4 45. f4 1-0

[Event "DEN-ch"]
[Site "Denmark"]
[Date "1988.??.??"]
[Round "6"]
[White "Sorensen, Torben N"]
[Black "Jelling, Erik"]
[Result "1-0"]
[WhiteElo "2360"]
[BlackElo "2350"]
[PlyCount "79"]
[EventDate "1988.??.??"]
[EventType "tourn"]
[EventRounds "11"]
[EventCountry "DEN"]
[EventCategory "5"]
[Source "ChessBase"]
[SourceDate "1996.11.15"]

1. d4 d5 2. c4 c6 3. Nc3 Nf6 4. e3 g6 5. Nf3 Bg7 6. Qb3 O-O 7. Be2 a5 8. cxd5
Nxd5 9. O-O Nb6 10. Ne5 Be6 11. Qc2 c5 12. Rd1 cxd4 13. exd4 Na6 14. Bf3 Nb4
15. Qe2 N4d5 16. Ne4 Bc8 17. Nc5 e6 18. Bd2 f6 19. Ned3 Qd6 20. Rac1 Re8 21. g3
Kf7 22. h4 Nd7 23. Ne4 Qb6 24. Nf4 Nf8 25. Nc5 Qd8 26. Re1 Nxf4 27. Bxf4 Kg8
28. Nxb7 Bxb7 29. Bxb7 Ra7 30. Qb5 Re7 31. Bf3 Red7 32. Bb8 Rab7 33. Bxb7 Qxb8
34. Bc6 Qxb5 35. Bxb5 Rxd4 36. Rc8 Rb4 37. Bc4 h5 38. b3 Kh7 39. Bxe6 a4 40.
Bc4 1-0